Southville International School and Colleges
Your cart is empty.
  • Cart
  • Lists
    Public lists Eva Luna New books Lux_list list_1
    Your lists Log in to create your own lists
  • Log in to your account
  • Your cookies
  • Search history
Southville International School and Colleges
  • Advanced search
  • Recent comments
  • Most popular
  • Libraries

Log in to your account

Log in with GOOGLE


If you do not have an external account, but do have a local account, you can still log in:

  1. Home
  2. MARC view: The making of human concepts /
Normal view MARC view ISBD view

The making of human concepts / (Record no. 24256)

[ view plain ]
MARC details
000 -LEADER
fixed length control field 00755nam a2200241 a 4500
003 - CONTROL NUMBER IDENTIFIER
control field PILC
005 - DATE AND TIME OF LATEST TRANSACTION
control field 20160205095202.0
008 - FIXED-LENGTH DATA ELEMENTS--GENERAL INFORMATION
fixed length control field 110105s19uu xx 00 eng d
020 ## - INTERNATIONAL STANDARD BOOK NUMBER
International Standard Book Number 9780199549221
050 ## - LIBRARY OF CONGRESS CALL NUMBER
Classification number BF 441
Item number .M236 2010
245 ## - TITLE STATEMENT
Title The making of human concepts /
Statement of responsibility, etc edited by Denis Mareschaul, Paul C. Quinn and Stephen E. G. Lea.
260 ## - PUBLICATION, DISTRIBUTION, ETC. (IMPRINT)
Place of publication, distribution, etc New York :
Name of publisher, distributor, etc Oxford University Press,
Date of publication, distribution, etc 2010.
300 ## - PHYSICAL DESCRIPTION
Extent 400 pages :
Other physical details illustrations ;
Dimensions 25 cm.
500 ## - GENERAL NOTE
General note Includes bibliographical references and indexes.
650 ## - SUBJECT ADDED ENTRY--TOPICAL TERM
Topical term or geographic name as entry element Concepts.
650 ## - SUBJECT ADDED ENTRY--TOPICAL TERM
Topical term or geographic name as entry element Cognition.
650 ## - SUBJECT ADDED ENTRY--TOPICAL TERM
Topical term or geographic name as entry element Thoughts and thinking.
700 ## - ADDED ENTRY--PERSONAL NAME
Personal name edited by: denis mareshal
700 ## - ADDED ENTRY--PERSONAL NAME
Personal name Paul Quinn.
700 ## - ADDED ENTRY--PERSONAL NAME
Personal name Stephen Lea.
942 ## - ADDED ENTRY ELEMENTS (KOHA)
Koha item type Books
Source of classification or shelving scheme Library of Congress Classification
Call number prefix Foreign
Holdings
Withdrawn status Lost status Source of classification or shelving scheme Damaged status Home library Current library Shelving location Date acquired Source of acquisition Cost, normal purchase price Total Checkouts Full call number Barcode Date last seen Copy number Price effective from Koha item type
    Library of Congress Classification   College Library College Library General Circulation Section 01/05/2011 Library Fund 3803.00   BF 441 .M236 2010 C11683 05/15/2018 1 10/18/2013 Books

The making of human concepts /

APA

edited by: denis mareshal, Paul Quinn & Stephen Lea. (2010). The making of human concepts. New York: Oxford University Press.

Chicago

edited by: denis mareshal, Paul Quinn and Stephen Lea. 2010. The making of human concepts. New York: Oxford University Press.

Harvard

edited by: denis mareshal, Paul Quinn and Stephen Lea. (2010). The making of human concepts. New York: Oxford University Press.

MLA

edited by: denis mareshal, Paul Quinn and Stephen Lea. The making of human concepts. New York: Oxford University Press. 2010.

  • Place hold
  • Print
  • Cite
  • Add to your cart (remove)
  • Save record
    BIBTEX Dublin Core MARCXML MARC (non-Unicode/MARC-8) MARC (Unicode/UTF-8) MARC (Unicode/UTF-8, Standard) MODS (XML) RIS
  • More searches
    Search for this title in:
    Other Libraries (WorldCat) Other Databases (Google Scholar) Online Stores (Bookfinder.com) Open Library (openlibrary.org)

Exporting to Dublin Core...

SOUTHVILLE LIBRARY

Southville International School and Colleges Library

1281 Tropical Ave. Cor. Luxembourg St., BF Homes International, Las Pinas City

Tel. No. 8256374 / 252358 Loc. 117/146

Powered by Koha